000 00197nam a2200085 4500
001 1258110
005 20260226133627.0
245 _aBAK ŞU ÇAY SÜZGECİNE
_cZEKİYE ÇOBAN
260 _bERDEM YAYINLARI
999 _c1258110
_d1258110